Selected Poems/ (Record no. 177250)
[ view plain ]
| 000 -LEADER | |
|---|---|
| fixed length control field | 00717nam a22002177a 4500 |
| 005 - DATE AND TIME OF LATEST TRANSACTION | |
| control field | 20210216110839.0 |
| 010 ## - LCCN (DPL NO) | |
| LC control number | ENG-128991 |
| 020 ## - INTERNATIONAL STANDARD BOOK NUMBER | |
| Terms of availability | 295.00 |
| International Standard Book Number | 978-81-9381934-0 |
| 035 ## - SYSTEM CONTROL NUMBER | |
| System control number | EN-112523 |
| 037 ## - SOURCE OF ACQUISITION | |
| Source of stock number/acquisition | DBAD/PUB |
| 082 ## - DEWEY DECIMAL CLASSIFICATION NUMBER | |
| Classification number | 881 |
| 100 ## - MAIN ENTRY--PERSONAL NAME | |
| Personal name | Keats, John |
| 245 ## - TITLE STATEMENT | |
| Title | Selected Poems/ |
| Statement of responsibility, etc | By John Keats, Robert Frost and William Wordsworth |
| 260 ## - PUBLICATION, DISTRIBUTION, ETC. (IMPRINT) | |
| Place of publication, distribution, etc | Delhi |
| Name of publisher, distributor, etc | Universal Press |
| Date of publication, distribution, etc | 2021 |
| 270 ## - ADDRESS | |
| City | Delhi |
| Address | B-109, 3rd Floor, Preet Vihar |
| Postal code | 110092 |
| Electronic mail address | universalpressdel@gmail.com |
| 300 ## - PHYSICAL DESCRIPTION | |
| Extent | 208p. |
| Dimensions | 22cm(hbk) |
| 500 ## - GENERAL NOTE | |
| General note | Compiler and Editor: Saurabh Kaushik<br/>Cover Design By: Surendra Goswami |
| 700 ## - ADDED ENTRY--PERSONAL NAME | |
| Personal name | Frost , Robert |
| 700 ## - ADDED ENTRY--PERSONAL NAME | |
| Personal name | Wordsworth, William |
| 942 ## - ADDED ENTRY ELEMENTS (KOHA) | |
| Source of classification or shelving scheme | Dewey Decimal Classification |
| Item type | English Books |
| Classification part | 881 |
| Call number suffix | KEA |
| Withdrawn status | Lost status | Not for loan | Collection code | Home library | Current library | Date acquired | Source of acquisition | Cost, normal purchase price | Full call number | Barcode | Copy number | Cost, replacement price | Koha item type |
|---|---|---|---|---|---|---|---|---|---|---|---|---|---|
| Non-fiction | Ashok Vihar | Ashok Vihar | 16/02/2021 | DBAD/PUB | 295.00 | 881 KEA | EN-112523 | 1 | 295.00 | English Books |
